| 000 | 00754nam a2200229 u 4500 | ||
|---|---|---|---|
| 005 | 20240925064456.0 | ||
| 008 | 121011s2006 es r 000 0 spa d | ||
| 020 | _a8488342063 | ||
| 035 | _aUPN01000187331 | ||
| 049 | _aI | ||
| 050 | 4 |
_aPZ56 _bM3.2 |
|
| 100 | 1 |
_aMcBratney, Sam, _d1943- _933362 |
|
| 245 | 1 | 0 |
_aAdivina cuánto te quiero / _cSam McBratney ; il. de Anita Jeram ; tr. de Esther Rubio. |
| 260 |
_a[Madrid] : _bKóKinos, _c2006. |
||
| 300 |
_a29 p. : _bprincipalmente il. col. |
||
| 534 |
_pTítulo original: _tGuess how much I love you |
||
| 650 | 7 |
_aAnimales _vLiteratura infantil _2 _91061 |
|
| 650 | 4 |
_aPadres e hijos _91360 |
|
| 650 | 7 |
_aLibros ilustrados para niños _2 _921365 |
|
| 700 | 1 |
_aJeram, Anita, _eil. |
|
| 905 | _aInfantil | ||
| 999 |
_c159434 _d159434 |
||